| Поле | Название | Значение |
| |
Тип записи |
a |
| |
Библиографический уровень |
m |
| 001 |
Контрольный номер |
RU/CBS_UL/BASE/580296426 |
| 005 |
Дата корректировки |
20240209174826.8 |
| 010 |
Индекс ISBN |
__ |
| d |
Цена |
6 691 р. 00 к. |
| 100 |
Данные общей обработки |
__ |
| a |
Данные общей обработки |
20160128d2016 ||| 0rusy0189 ca |
| 101 |
Язык документа |
0_ |
| a |
Язык текста |
rus |
| 102 |
Страна публикации |
__ |
| a |
Страна публикации |
RU |
| 105 |
Кодированные данные (монография) |
__ |
| a |
Кодированные данные (монография) |
y###||||000|y |
| 200 |
Заглавие и сведения об ответственности |
1_ |
| a |
Заглавие |
Краткая история Чехословакии |
| b |
Общее обозначение материала |
Текст |
| e |
Сведения, относящиеся к заглавию |
с древнейших времен до наших дней |
| g |
Последующие сведения об ответственности |
отв. ред. А. Х. Клеванский, В. В. Марьина, И. И. Поп |
| 210 |
Выходные данные |
1_ |
| a |
Место издания |
Москва |
| c |
Издательство |
Наука |
| d |
Дата издания |
1988 |
| 215 |
Физическое описание |
__ |
| a |
Объем |
576 с. |
| c |
Иллюстрации/тип воспроизводства |
ил. |
| 225 |
Серия |
0_ |
| a |
Серия |
История зарубежных стран социализма |
| 300 |
Общие примечания |
__ |
| a |
Общие примечания |
Ограничения по возрасту - 12+ |
| 300 |
Общие примечания |
__ |
| a |
Общие примечания |
Под инв. номером 58790: 28-1 |
| 606 |
Тематические рубрики |
0_ |
| a |
Основная рубрика |
Чехословацкая Социалистическая Республика |
| y |
Географическая подрубрика |
Чехословакия, республика |
| 610 |
Ключевые слова |
0_ |
| a |
Ключевые слова |
экономика |
| a |
Ключевые слова |
страны социалистические |
| a |
Ключевые слова |
строительство социалистическое |
| a |
Ключевые слова |
история Чехословакии |
| a |
Ключевые слова |
история зарубежных стран социализма |
| 686 |
Индексы других классификаций |
__ |
| a |
Классификационный индекс |
63.3(4Чех) |
| 2 |
Код системы |
ББК |
| 801 |
Источник записи |
_0 |
| a |
Страна |
RU |
| b |
Организация |
МБУК ЦБС |
| c |
Дата составления |
20160128 |
| g |
Правила каталогизации |
RCR |
| 801 |
Источник записи |
_1 |
| a |
Страна |
RU |
| b |
Организация |
МБУК ЦБС г. Ульяновска |
| c |
Дата составления |
20160128 |
| g |
Правила каталогизации |
RCR |
| 899 |
Данные о местонахождении |
__ |
| i |
Авторский знак |
К 78 |
| j |
Расстановочный фильтр |
63.3(4) |
| 901 |
Тип документа |
__ |
| t |
Тип документа |
m |
| 910 |
Корректоры записи |
__ |
| a |
Корректор записи |
Зотова |